• 首页
  • 本馆介绍
  • 公告通知
  • 最新文献
  • 馆藏检索
  • 电子资源
  • 读者导购
  • 参考咨询
  • 我的图书馆
  • 登录
  • 详细信息显示
  • 放入我的书架
  • 预约/预借图书
  • 作者相关作品
  • 分类相关作品
  • 丛书相关作品
  • 出版社相关作品

书目信息

  • 表格格式
  • 工作单格式
  • 卡片格式
题名:
星期日广播英语选编
    
 
作者: 申葆青 编
分册: 二  
出版信息: 北京   中国广播电视出版社  1985
页数: 188页
开本: 19cm
丛书名:
单 册:
中图分类: H319.4 , H31
科图分类:
主题词: 英语--广播电视教育--自学参考资料 , 英语
电子资源:
ISBN:
000 00791nam0 2200277 45
001 0185013699
005 20040509170817.1
010    @dCNY0.98
091    @a9236.047
100    @a19951023d1985 em y0chiy0121 ea
101 0  @achi@aeng
102    @aCN@b110000
105    @ay z 000yy
106    @ar
200 10 @a星期日广播英语选编@Axing qi ri guang bo ying yu xuan bian@dRadio English on Sunday@zeng@h二@f申葆青编
210    @a北京@c中国广播电视出版社@d1985
215    @a188页@d19cm
510 1  @aRadio English on Sunday@zeng
606    @a英语@x广播电视教育@x自学参考资料
606 0  @a英语
690    @aH319.4@v3
690    @aH31
701  0 @a申葆青@Ashen bao qing@4编
801  0 @aCN@b深圳图书馆@c20040509
801  2 @aCN@bNLC@c20040509
905    @f4@b137663-666@dH31@e165
    
    星期日广播英语选编=Radio English on Sunday.二/申葆青编.-北京:中国广播电视出版社,1985
    188页;19cm
    
    
    ISBN :CNY0.98
    
●
相关链接 在E读中查询图书 在五车中查询图书 在当当中查询图书 在豆瓣中查询图书


正题名:星期日广播英语选编     索取号:H31/165         预约/预借

序号 登录号 条形码 馆藏地/架位号 状态 备注
1 0137660   000931807   密集书库/ [索取号:H31/165] 在馆    
2 0137661   000931086   第四借阅区/ [索取号:H31/165] 在馆    
3 0137662   000931120   第四借阅区/ [索取号:H31/165] 在馆    
4 0137663   000931166   密集书库/ [索取号:H31/165] 在馆    
5 0137664   000931763   第二样本阅览室/ [索取号:H31/165] 在馆    
唐山师范学院图书馆 欢迎您!
大连网信软件有限公司© 版权所有